The arts in prehistoric Greece

Αποθηκεύτηκε σε:
Λεπτομέρειες βιβλιογραφικής εγγραφής
Κύριος συγγραφέας: Hood, Sinclair
Μορφή: Βιβλίο
Γλώσσα:English
Δημοσίευση: Harmondsworth, Eng. : Penguin books, 1978.
Θέματα:
Ετικέτες: Προσθήκη ετικέτας
Δεν υπάρχουν, Καταχωρήστε ετικέτα πρώτοι!

MARC

LEADER 00000nam a2200000 i 4500
001 1/41984
008 961029s1978 uk | ||| |||| ||eng||
020 |a 0140561420 
035 |l 10025509 
040 |a GR-MyUa  |b gre  |e AACR2 
041 0 |a eng 
082 7 |a 709.38   |2 (22)  
100 1 |a Hood, Sinclair. 
245 1 4 |a The arts in prehistoric Greece /   |c Sinclair Hood.  
260 |a Harmondsworth, Eng. :   |b Penguin books,   |c 1978.  
300 |a 312 σ. :   |b εικ. ;   |c 21 εκ.  
500 |a Βιβλιογραφία: σ. [277]-[289] 
650 0 |a Art, Prehistoric  |z Greece. 
651 0 |a Greece  |x Antiquities. 
767 0 8 |i Μεταφρασμένο ως:   |t Η τέχνη στην προϊστορική Ελλάδα /  
852 |a INST  |b CHIOS  |e 19961029  |h 709.38 HOO  |p 005200011156  |q 005200011156  |t BK  |y 0